[Event "NOR-ch U18 int"]
[Site "Lysaker"]
[Date "2002.03.26"]
[Round "5"]
[White "Hersvik, Anita"]
[Black "Carlsen, Magnus"]
[Result "0-1"]
[WhiteElo "1959"]
[BlackElo "2127"]
[PlyCount "90"]
[EventDate "2002.03.23"]
[EventType "team"]
[EventRounds "7"]
[EventCountry "NOR"]

1. e4 c5 2. c3 Nc6 3. d4 cxd4 4. cxd4 d5 5. exd5 Qxd5 6. Nf3 e5 7. Nc3 Bb4 8.
Be3 Bg4 9. Be2 Nge7 10. O-O Bxc3 11. bxc3 e4 12. Nd2 Bxe2 13. Qxe2 O-O 14. f3
exf3 15. Nxf3 Na5 16. Ne5 f6 17. Ng4 Ng6 18. Qc2 Nc4 19. Rf5 Qe6 20. Bf2 Nd6
21. Ne3 Nxf5 22. Nxf5 Rfe8 23. Rb1 Ne7 24. Ng3 b6 25. Re1 Qf7 26. Ne4 Nd5 27.
Qb3 Rad8 28. c4 f5 29. Ng5 Rxe1+ 30. Bxe1 Qe7 31. Bd2 Nf6 32. c5+ Nd5 33. c6
Qd6 34. c7 Rc8 35. Bf4 Qd7 36. Be5 h6 37. Nf3 Qf7 38. Qa3 Nxc7 39. Qc3 Qd7 40.
Qc4+ Nd5 41. Qb3 Qc6 42. Ne1 Kh7 43. Qg3 Qg6 44. Qa3 Qg5 45. Qxa7 Rc1 0-1

[Event "NOR-ch U18 int"]
[Site "Lysaker"]
[Date "2002.03.26"]
[Round "6"]
[White "Carlsen, Magnus"]
[Black "Wallin, Denis"]
[Result "1/2-1/2"]
[WhiteElo "2127"]
[BlackElo "2125"]
[PlyCount "30"]
[EventDate "2002.03.23"]
[EventType "team"]
[EventRounds "7"]
[EventCountry "NOR"]

1. e4 c5 2. Nc3 Nc6 3. Nf3 g6 4. Bb5 Bg7 5. O-O Nf6 6. e5 Ng4 7. Bxc6 dxc6 8.
Qe2 O-O 9. d3 Nh6 10. Ne4 b6 11. Bf4 Nf5 12. h3 Nd4 13. Nxd4 cxd4 14. Bg3 Bf5
15. Rae1 Qd5 1/2-1/2

[Event "NOR-ch U18 int"]
[Site "Lysaker"]
[Date "2002.03.25"]
[Round "4"]
[White "Carlsen, Magnus"]
[Black "Arngrimsson, Dagur"]
[Result "1/2-1/2"]
[WhiteElo "2127"]
[BlackElo "2094"]
[PlyCount "81"]
[EventDate "2002.03.23"]
[EventType "team"]
[EventRounds "7"]
[EventCountry "NOR"]

1. c4 e6 2. g3 d5 3. Bg2 Nf6 4. Nf3 Be7 5. O-O O-O 6. d4 dxc4 7. Qc2 b6 8. Bg5
Nd5 9. Bxe7 Qxe7 10. Qxc4 Bb7 11. Nc3 Na6 12. Ne5 Rad8 13. Nc6 Bxc6 14. Qxc6
Nab4 15. Nxd5 exd5 16. Qa4 a5 17. a3 Na6 18. e3 Qd7 19. Qxd7 Rxd7 20. Rfc1 c5
21. dxc5 Nxc5 22. Rd1 Rfd8 23. Bh3 Rd6 24. b4 axb4 25. axb4 Ne4 26. Bg2 Nf6 27.
e4 R6d7 28. e5 Ne8 29. Rd4 g6 30. f4 Kg7 31. Ra6 b5 32. Rb6 Nc7 33. Bh3 Re7 34.
Bf1 g5 35. Bh3 Ra8 36. Bf5 Ra2 37. Rb8 f6 38. Rb7 gxf4 39. gxf4 Kf8 40. Rd1
fxe5 41. fxe5 1/2-1/2

[Event "NOR-ch U18 int"]
[Site "Lysaker"]
[Date "2002.03.24"]
[Round "3"]
[White "Kvisvik, Brede Alexander"]
[Black "Carlsen, Magnus"]
[Result "0-1"]
[WhiteElo "2060"]
[BlackElo "2127"]
[PlyCount "68"]
[EventDate "2002.03.23"]
[EventType "team"]
[EventRounds "7"]
[EventCountry "NOR"]

1. e4 c5 2. f4 d5 3. exd5 Nf6 4. Bb5+ Bd7 5. Bxd7+ Qxd7 6. c4 e6 7. Qe2 Be7 8.
dxe6 Qxe6 9. Qxe6 fxe6 10. Nf3 Nc6 11. O-O O-O-O 12. a4 Rhf8 13. Ra3 Bd6 14. g3
e5 15. fxe5 Nxe5 16. Nxe5 Bxe5 17. Raf3 Bd4+ 18. Kg2 Rfe8 19. Nc3 Ng4 20. Rf7
h5 21. h3 Ne5 22. Rxg7 Nd3 23. Rg5 Re1 24. Rxh5 Rxf1 25. Kxf1 Rf8+ 26. Ke2
Nxc1+ 27. Kd1 Nd3 28. Kc2 Nb4+ 29. Kb3 Rf2 30. a5 Rxd2 31. Nb5 Rxb2+ 32. Ka4
Nc2 33. a6 Rb4+ 34. Ka5 b6# 0-1

[Event "NOR-ch U18 int"]
[Site "Lysaker"]
[Date "2002.03.24"]
[Round "2"]
[White "Carlsen, Magnus"]
[Black "Kedyk, Dmitry"]
[Result "1/2-1/2"]
[WhiteElo "2127"]
[BlackElo "2056"]
[PlyCount "134"]
[EventDate "2002.03.23"]
[EventType "team"]
[EventRounds "7"]
[EventCountry "NOR"]

1. Nf3 Nf6 2. g3 g6 3. Bg2 Bg7 4. O-O O-O 5. c4 d6 6. Nc3 e5 7. d3 Nc6 8. Rb1
a5 9. a3 h6 10. b4 axb4 11. axb4 Be6 12. b5 Ne7 13. Nd2 Qc8 14. Re1 Bh3 15. Bh1
Ng4 16. Nd5 Nxd5 17. cxd5 f5 18. Qc2 Qd8 19. b6 cxb6 20. Nc4 e4 21. e3 Rc8 22.
Qb3 b5 23. Qxb5 Rc5 24. Qa4 exd3 25. Ba3 b5 26. Rxb5 Rxb5 27. Qxb5 f4 28. Bxd6
fxe3 29. fxe3 d2 30. Rd1 Nxe3 31. Nxe3 Bd4 32. Qd3 Qb6 33. Qxg6+ Bg7 34. Qe4
Qxd6 35. Bg2 Bxg2 36. Kxg2 Bc3 37. Qe6+ Qxe6 38. dxe6 Re8 39. Nd5 Be5 40. e7
Kf7 41. Rxd2 Bd6 42. Nf6 Kxf6 43. Rxd6+ Kxe7 44. Rxh6 Kf7 45. h4 Kg7 46. Ra6
Re5 47. Kf3 Rb5 48. g4 Rb3+ 49. Kf4 Rb4+ 50. Kf5 Rb5+ 51. Ke6 Rb4 52. Ra7+ Kh6
53. Kf5 Rb5+ 54. Kf6 Rb6+ 55. Kf7 Rf6+ 56. Ke8 Rf4 57. g5+ Kh5 58. Rh7+ Kg6 59.
Rh6+ Kg7 60. h5 Re4+ 61. Kd7 Re5 62. Rg6+ Kh7 63. Kd6 Ra5 64. Kc7 Re5 65. Kd7
Ra5 66. Ke6 Ra6+ 67. Kf5 Rxg6 1/2-1/2

[Event "NOR-ch U18 int"]
[Site "Lysaker"]
[Date "2002.03.23"]
[Round "1"]
[White "Berstad, Joerund"]
[Black "Carlsen, Magnus"]
[Result "0-1"]
[WhiteElo "1553"]
[BlackElo "2127"]
[PlyCount "82"]
[EventDate "2002.03.23"]
[EventType "team"]
[EventRounds "7"]
[EventCountry "NOR"]

1. e4 c5 2. Nf3 Nc6 3. d4 cxd4 4. Nxd4 Nf6 5. Nc3 e6 6. Ndb5 d6 7. Bf4 e5 8.
Bg5 a6 9. Na3 b5 10. Bxf6 gxf6 11. Nd5 Bg7 12. c3 O-O 13. Qh5 Ne7 14. Nxe7+
Qxe7 15. Nc2 Bb7 16. Bd3 f5 17. Qxf5 Bc8 18. Qh5 f5 19. Ne3 f4 20. Nd5 Qb7 21.
Qh4 Be6 22. Ne7+ Kf7 23. Nf5 Bxf5 24. exf5 Kg8 25. Bc2 Bf6 26. Qh3 Kh8 27.
O-O-O d5 28. Qf3 e4 29. Qxf4 b4 30. cxb4 Qg7 31. Qg3 Bxb2+ 32. Kb1 Qf6 33. Rxd5
Rac8 34. Rd6 Qg7 35. Qxg7+ Bxg7 36. Bxe4 Rc4 37. f3 Rxb4+ 38. Kc1 Rc8+ 39. Kd1
Be5 40. Rd3 Bf4 41. Re1 Rb2 0-1

[Event "Troll Masters"]
[Site "Gausdal"]
[Date "2002.01.10"]
[Round "8"]
[White "Giddins, Stephen"]
[Black "Carlsen, Magnus"]
[Result "1/2-1/2"]
[WhiteElo "2285"]
[BlackElo "2127"]
[PlyCount "23"]
[EventDate "2002.01.04"]
[EventType "swiss"]
[EventRounds "9"]
[EventCountry "NOR"]

1. Nf3 Nf6 2. c4 e6 3. g3 d5 4. d4 dxc4 5. Qa4+ c6 6. Qxc4 b5 7. Qc2 Bb7 8. Bg2
Nbd7 9. O-O Qb6 10. Nc3 a6 11. a4 Rc8 12. Bf4 1/2-1/2

[Event "Troll Masters"]
[Site "Gausdal"]
[Date "2002.01.08"]
[Round "6"]
[White "Carlsen, Magnus"]
[Black "Rause, Olita"]
[Result "0-1"]
[WhiteElo "2127"]
[BlackElo "2234"]
[PlyCount "128"]
[EventDate "2002.01.04"]
[EventType "swiss"]
[EventRounds "9"]
[EventCountry "NOR"]

1. Nf3 d5 2. c4 c6 3. g3 Bg4 4. Bg2 Nd7 5. O-O Bxf3 6. Bxf3 Ne5 7. Qb3 Nxf3+ 8.
exf3 Qd7 9. cxd5 cxd5 10. d4 e6 11. Nc3 Bd6 12. Re1 Ne7 13. Bg5 O-O 14. Bxe7
Bxe7 15. f4 g6 16. Rad1 Rac8 17. Kg2 Bf6 18. h4 Rc4 19. Ne4 Bg7 20. Nc5 Qc6 21.
Qe3 Bxd4 22. Rxd4 Qxc5 23. Red1 Rxd4 24. Rxd4 h5 25. Qe5 Qc2 26. b3 Rc8 27. Qe3
a6 28. Rd2 Qc3 29. Rd3 Qc5 30. Rd4 Qd6 31. Rd2 b5 32. Qd4 Qc5 33. Qf6 Qc3 34.
Rd4 Qc2 35. Qe5 Qc7 36. Qf6 Qd8 37. Qe5 Rc2 38. a4 bxa4 39. bxa4 Qc7 40. Qe3
Rc4 41. Kh2 Qc5 42. Rxc4 Qxc4 43. Qb6 d4 44. Qb8+ Kh7 45. Qf8 Qc7 46. Qb4 Qd8
47. Qb7 Kg7 48. Qb2 Qd5 49. Kg1 Qc4 50. Qb8 Qxa4 51. Qe5+ Kf8 52. Qc7 Qb4 53.
Qc8+ Kg7 54. Qxa6 Qe1+ 55. Kg2 Qe4+ 56. Kh2 Qe1 57. Kg2 Qc3 58. Qd6 d3 59. Kf3
Qc2 60. Qd4+ Kh7 61. Qd7 Qe2+ 62. Kg2 Qe4+ 63. Kh2 Kg7 64. Qd8 Qd5 0-1

[Event "Troll Masters"]
[Site "Gausdal"]
[Date "2002.01.08"]
[Round "5"]
[White "Carlsen, Magnus"]
[Black "Hole, Oystein"]
[Result "1/2-1/2"]
[WhiteElo "2127"]
[BlackElo "2248"]
[PlyCount "53"]
[EventDate "2002.01.04"]
[EventType "swiss"]
[EventRounds "9"]
[EventCountry "NOR"]

1. e4 c6 2. d4 d5 3. exd5 cxd5 4. c4 Nf6 5. Nc3 e6 6. Nf3 Bb4 7. Bd3 dxc4 8.
Bxc4 O-O 9. O-O Nc6 10. Bg5 a6 11. Bd3 Be7 12. Rc1 b6 13. d5 exd5 14. Bxf6 Bxf6
15. Nxd5 Bb7 16. Be4 Rc8 17. Qb3 b5 18. Rfd1 Na5 19. Rxc8 Bxc8 20. Qc2 g6 21.
Qc5 Re8 22. b4 Nc4 23. Ne3 Qb6 24. Nd5 Qd8 25. Qc6 Kg7 26. Ne3 Qe7 27. Nd5
1/2-1/2

[Event "Troll Masters"]
[Site "Gausdal"]
[Date "2002.01.07"]
[Round "4"]
[White "Hoi, Carsten"]
[Black "Carlsen, Magnus"]
[Result "1-0"]
[WhiteElo "2407"]
[BlackElo "2127"]
[PlyCount "109"]
[EventDate "2002.01.04"]
[EventType "swiss"]
[EventRounds "9"]
[EventCountry "NOR"]

1. d4 Nf6 2. Nf3 e6 3. e3 b6 4. Bd3 Bb7 5. O-O c5 6. c4 Be7 7. Nc3 d5 8. cxd5
exd5 9. b3 O-O 10. Bb2 Nbd7 11. Qe2 Re8 12. Rfd1 Nf8 13. Rac1 Ne6 14. Bb5 Rf8
15. Ba6 Qc8 16. Bxb7 Qxb7 17. dxc5 bxc5 18. Qb5 Qxb5 19. Nxb5 Rfd8 20. Ne5 a6
21. Nc3 Rac8 22. Na4 Kf8 23. Kf1 Ke8 24. Ke2 h5 25. h3 Ng5 26. Bc3 Rd6 27. Bd4
Re6 28. Nd3 c4 29. Nf4 Rec6 30. Nb6 Rd8 31. Bxf6 Bxf6 32. Nbxd5 Rdc8 33. Nxf6+
gxf6 34. Rxc4 Rxc4 35. bxc4 Rxc4 36. Nxh5 Ne4 37. f3 Nc3+ 38. Kd3 Nxd1 39. Kxc4
Nxe3+ 40. Kc5 Nxg2 41. Kb6 Ne1 42. f4 Nd3 43. a4 Kd8 44. Kxa6 Kc7 45. Kb5 f5
46. a5 Kb7 47. h4 Ne1 48. Ng3 Ng2 49. Nxf5 Nxf4 50. Nd6+ Ka7 51. Nxf7 Nd5 52.
h5 Nc3+ 53. Kc4 Ne4 54. h6 Nf6 55. Kb5 1-0

[Event "Troll Masters"]
[Site "Gausdal"]
[Date "2002.01.06"]
[Round "3"]
[White "Womacka, Mathias"]
[Black "Carlsen, Magnus"]
[Result "1-0"]
[WhiteElo "2499"]
[BlackElo "2127"]
[PlyCount "107"]
[EventDate "2002.01.04"]
[EventType "swiss"]
[EventRounds "9"]
[EventCountry "NOR"]

1. e4 c5 2. Nf3 e6 3. d4 cxd4 4. Nxd4 a6 5. Bd3 Qc7 6. Qe2 Nc6 7. Nxc6 dxc6 8.
e5 c5 9. O-O Ne7 10. Bf4 Bd7 11. Nd2 Bc6 12. Bg3 b5 13. c4 Qb7 14. f3 Rd8 15.
Nb3 Qb6 16. Bf2 Ng6 17. Bxg6 hxg6 18. Rfc1 b4 19. Qe3 Rc8 20. Nxc5 Bxf3 21.
Nxe6 Qxe6 22. Qxf3 Bc5 23. b3 Rh5 24. Bxc5 Rxc5 25. Qb7 a5 26. Qa8+ Qc8 27.
Qxc8+ Rxc8 28. Re1 Ke7 29. Rad1 Ra8 30. Rd5 Ra6 31. Red1 Ra7 32. Rb5 Ke6 33.
Rd6+ Ke7 34. Rdd5 a4 35. Ra5 Rxa5 36. Rxa5 a3 37. Rb5 Rh4 38. Rxb4 Rd4 39. Ra4
Rd1+ 40. Kf2 Rd2+ 41. Kg3 Rxa2 42. Ra6 Ra1 43. b4 a2 44. b5 Kd7 45. c5 Rb1 46.
c6+ Kc7 47. Rxa2 Rxb5 48. Ra7+ Kxc6 49. Rxf7 Rxe5 50. Rxg7 Rg5+ 51. Kf3 Rf5+
52. Kg4 Rf6 53. h4 Kd5 54. Kg5 1-0

[Event "Troll Masters"]
[Site "Gausdal"]
[Date "2002.01.05"]
[Round "2"]
[White "Carlsen, Magnus"]
[Black "Johansson, Per"]
[Result "1-0"]
[WhiteElo "2127"]
[BlackElo "2041"]
[PlyCount "95"]
[EventDate "2002.01.04"]
[EventType "swiss"]
[EventRounds "9"]
[EventCountry "NOR"]

1. Nf3 d5 2. c4 c6 3. e3 Nf6 4. d4 g6 5. Bd3 Bg7 6. O-O O-O 7. Nc3 Bg4 8. h3
Bxf3 9. Qxf3 dxc4 10. Bxc4 Nbd7 11. Rd1 e5 12. d5 e4 13. Nxe4 Nxe4 14. Qxe4 Nb6
15. Bb3 cxd5 16. Bxd5 Nxd5 17. Rxd5 Qb6 18. Qd3 f5 19. Bd2 Rad8 20. Rd1 Rxd5
21. Qxd5+ Kh8 22. Bc3 Qc7 23. Rd4 Rc8 24. Qe6 Rd8 25. Qf7 Qxf7 26. Rxd8+ Qg8
27. Bxg7+ Kxg7 28. Rxg8+ Kxg8 29. f3 Kf7 30. Kf2 Ke6 31. g4 Ke5 32. gxf5 gxf5
33. Kg3 f4+ 34. Kf2 Kf5 35. e4+ Ke5 36. Ke2 Kd4 37. Kd2 Kc4 38. b3+ Kd4 39. a4
h6 40. Ke2 b6 41. Kd2 a6 42. Ke2 b5 43. a5 h5 44. h4 Kc5 45. Kd3 b4 46. e5 Kd5
47. e6 Kxe6 48. Ke4 1-0

[Event "NOR-chT qualifier"]
[Site "Norway"]
[Date "2002.??.??"]
[Round "8"]
[White "Osttveit, Martin"]
[Black "Carlsen, Magnus"]
[Result "0-1"]
[WhiteElo "2121"]
[BlackElo "2072"]
[PlyCount "52"]
[EventDate "2001.11.??"]
[EventType "team"]
[EventRounds "9"]
[EventCountry "NOR"]

1. c4 c5 2. g3 Nc6 3. Bg2 g6 4. Nc3 Bg7 5. a3 e6 6. d3 Nge7 7. Nf3 O-O 8. O-O
d5 9. cxd5 exd5 10. Bf4 d4 11. Na4 b6 12. Rc1 Nd5 13. b4 Re8 14. bxc5 b5 15.
Ng5 bxa4 16. Qxa4 Bb7 17. Qb5 Nxf4 18. Qxb7 Nxe2+ 19. Kh1 Qxg5 20. f4 Qe7 21.
Bxc6 Qxb7 22. Bxb7 Rab8 23. c6 Nxc1 24. Rxc1 Bf8 25. Ba6 Bxa3 26. Rc4 Rb6 0-1

[Event "Bayern-chI Bank Hofmann 5th"]
[Site "Bad Wiessee"]
[Date "2001.11.04"]
[Round "9"]
[White "Braun, Christian"]
[Black "Carlsen, Magnus"]
[Result "1/2-1/2"]
[WhiteElo "2203"]
[BlackElo "2072"]
[PlyCount "81"]
[EventDate "2001.10.27"]
[EventType "swiss"]
[EventRounds "9"]
[EventCountry "GER"]

1. d4 Nf6 2. c4 e6 3. Nc3 Bb4 4. Qc2 O-O 5. a3 Bxc3+ 6. Qxc3 b6 7. Bg5 Ba6 8.
Nf3 d6 9. e3 Nbd7 10. Bd3 Bb7 11. O-O Bxf3 12. gxf3 c5 13. dxc5 dxc5 14. Rad1
Qc7 15. Be2 Rad8 16. Rd2 a6 17. Bh4 Nb8 18. Rxd8 Qxd8 19. Rd1 Qe7 20. Qd3 Nbd7
21. Rd2 Rc8 22. Bd1 Ne5 23. Qc3 Rd8 24. Be2 Rxd2 25. Qxd2 Ng6 26. Bg3 Nh5 27.
f4 Nxg3 28. hxg3 Nf8 29. Bf3 Qf6 30. Kg2 g6 31. b4 Qe7 32. e4 cxb4 33. axb4 Qc7
34. Qd4 Nd7 35. e5 a5 36. bxa5 bxa5 37. Bd1 Nc5 38. Bf3 Qb6 39. Qc3 Qb4 40. Qd4
Qb6 41. Qc3 1/2-1/2

[Event "Bayern-chI Bank Hofmann 5th"]
[Site "Bad Wiessee"]
[Date "2001.11.02"]
[Round "7"]
[White "Carlsen, Magnus"]
[Black "Vaculik, Martin"]
[Result "1-0"]
[WhiteElo "2072"]
[BlackElo "2192"]
[PlyCount "53"]
[EventDate "2001.10.27"]
[EventType "swiss"]
[EventRounds "9"]
[EventCountry "GER"]

1. e4 e6 2. d4 g6 3. Nf3 Bg7 4. Nc3 Ne7 5. Be3 b6 6. Qd2 h6 7. O-O-O Bb7 8. h4
d6 9. Bd3 Nd7 10. Kb1 a6 11. Rhe1 b5 12. a3 Rc8 13. d5 e5 14. h5 g5 15. g4 c5
16. dxc6 Rxc6 17. Nh2 Nb6 18. Bxb6 Rxb6 19. Nf1 Bc6 20. Ne3 b4 21. axb4 Rxb4
22. Ncd5 Rb8 23. Nxe7 Kxe7 24. Nf5+ Kf8 25. Bc4 d5 26. Bxd5 Qb6 27. Qc3 1-0

[Event "Bayern-chI Bank Hofmann 5th"]
[Site "Bad Wiessee"]
[Date "2001.10.31"]
[Round "5"]
[White "Lada, Ireneusz"]
[Black "Carlsen, Magnus"]
[Result "1-0"]
[WhiteElo "2205"]
[BlackElo "2072"]
[PlyCount "83"]
[EventDate "2001.10.27"]
[EventType "swiss"]
[EventRounds "9"]
[EventCountry "GER"]

1. c4 Nf6 2. Nc3 c5 3. Nf3 Nc6 4. d4 cxd4 5. Nxd4 g6 6. g3 Bg7 7. Bg2 O-O 8.
Nc2 d6 9. O-O Be6 10. Ne3 Rc8 11. Bd2 Nd7 12. Ned5 Na5 13. b3 Bxd5 14. Nxd5
Bxa1 15. Qxa1 Re8 16. Bh3 Nc6 17. Bh6 f6 18. Be6+ Kh8 19. Rd1 Rb8 20. f4 Nc5
21. Bh3 a5 22. Bg2 Nb4 23. Nc3 Rc8 24. Kh1 a4 25. Nb5 Ra8 26. Qd4 Nxa2 27. bxa4
Nb4 28. g4 Nc6 29. Qd5 e6 30. Qf3 Qe7 31. g5 f5 32. Qc3+ e5 33. Rxd6 Rad8 34.
Rd5 Nxa4 35. Qc1 Nb6 36. h4 Nxd5 37. cxd5 Nd4 38. d6 Qf7 39. fxe5 Nxb5 40. e6
Qxe6 41. Qb2+ Kg8 42. Qg7# 1-0

[Event "Bayern-chI Bank Hofmann 5th"]
[Site "Bad Wiessee"]
[Date "2001.10.29"]
[Round "3"]
[White "Kummerow, Heiko"]
[Black "Carlsen, Magnus"]
[Result "1/2-1/2"]
[WhiteElo "2307"]
[BlackElo "2072"]
[PlyCount "191"]
[EventDate "2001.10.27"]
[EventType "swiss"]
[EventRounds "9"]
[EventCountry "GER"]

1. e4 c5 2. Nf3 Nc6 3. d4 cxd4 4. Nxd4 Nf6 5. Nc3 d6 6. Bg5 e6 7. Qd2 Be7 8.
O-O-O Nxd4 9. Qxd4 O-O 10. e5 dxe5 11. Qxe5 Bd7 12. Qg3 Nh5 13. Bxe7 Qxe7 14.
Qg4 Nf6 15. Qh4 Bc6 16. Bd3 Qc5 17. Rhe1 Rfd8 18. Bxh7+ Kf8 19. Be4 Ke7 20.
Bxc6 bxc6 21. Qg3 Rxd1+ 22. Rxd1 Rd8 23. Rxd8 Kxd8 24. a3 Ke7 25. h3 Nd5 26.
Ne4 Qb5 27. Qg5+ Kd7 28. Qxg7 Ke7 29. Qg5+ Kf8 30. Qd8+ Kg7 31. Qg5+ Kf8 32.
Qd8+ Kg7 33. Ng3 Qc4 34. Qg5+ Kf8 35. Kb1 Qd4 36. Qd8+ Kg7 37. Qg5+ Kf8 38. Nh5
f6 39. Qh6+ Ke8 40. Qg6+ Ke7 41. Qh7+ Kd6 42. Qd3 Qe5 43. Ng3 Qe1+ 44. Ka2 Kc7
45. Qd4 Qa5 46. Ne4 e5 47. Qc4 Qe1 48. g4 Nf4 49. Qf7+ Kb6 50. Nc3 Qxf2 51.
Qxf6 Qxc2 52. Qd8+ Kb7 53. Qe7+ Kc8 54. Qf8+ Kc7 55. Qf7+ Kc8 56. Qe8+ Kb7 57.
Qd7+ Kb6 58. Qd8+ Kb7 59. Qe7+ Kc8 60. Qf8+ Kd7 61. Qf7+ Kd8 62. Qb3 Qxb3+ 63.
Kxb3 Nxh3 64. Ne4 Nf4 65. Kc4 Kd7 66. b4 Nd5 67. Kc5 Nf4 68. Kc4 Nd5 69. Kd3
Ke6 70. Nc5+ Kf6 71. Nd7+ Ke6 72. Nb8 Kd6 73. Ke4 Nf6+ 74. Kf5 e4 75. Na6 e3
76. Nc5 Nd7 77. Ne4+ Ke7 78. Nc3 Nf6 79. Kf4 Ke6 80. Kf3 Ke5 81. g5 Nd7 82.
Kxe3 Kf5 83. Ne4 Ne5 84. Nd6+ Kxg5 85. Kd4 Nd7 86. Nc8 a6 87. Ne7 Kf6 88. Nxc6
Ke6 89. Na5 Kd6 90. Nc4+ Kc6 91. a4 Nf6 92. Ne5+ Kb6 93. Kc4 Ne4 94. a5+ Kb7
95. b5 Nd6+ 96. Kb4 1/2-1/2

[Event "EU-Cup 17th"]
[Site "Panormo"]
[Date "2001.09.28"]
[Round "6"]
[White "Kouvatsou, Maria"]
[Black "Carlsen, Magnus"]
[Result "1/2-1/2"]
[WhiteElo "2234"]
[BlackElo "2084"]
[PlyCount "73"]
[EventDate "2001.09.22"]
[EventType "team"]
[EventRounds "7"]
[EventCountry "GRE"]

1. e4 e5 2. Nf3 Nc6 3. Bc4 Nf6 4. d3 Be7 5. c3 O-O 6. O-O d5 7. Bb5 dxe4 8.
Bxc6 exf3 9. Bxf3 c6 10. Re1 Qc7 11. Qe2 Re8 12. Nd2 Bf5 13. Ne4 Nxe4 14. dxe4
Be6 15. Bg4 Qc8 16. Bxe6 Qxe6 17. Be3 Red8 18. a4 a6 19. Bb6 Rd7 20. Red1 Bd8
21. Rxd7 Qxd7 22. Rd1 Qe7 23. Qe3 Bxb6 24. Qxb6 Kf8 25. g3 Rc8 26. b4 Rc7 27.
Qa7 Rc8 28. Kg2 g6 29. h4 h5 30. Rd3 Kg7 31. Qb6 Rc7 32. b5 cxb5 33. axb5 Qc5
34. Qxc5 Rxc5 35. bxa6 bxa6 36. Rd6 Rxc3 37. Rxa6 1/2-1/2

[Event "EU-Cup 17th"]
[Site "Panormo"]
[Date "2001.09.25"]
[Round "3"]
[White "Carlsen, Magnus"]
[Black "Scheffknecht, Philipp"]
[Result "1-0"]
[WhiteElo "2084"]
[BlackElo "2150"]
[PlyCount "115"]
[EventDate "2001.09.22"]
[EventType "team"]
[EventRounds "7"]
[EventCountry "GRE"]

1. e4 c5 2. Nf3 e6 3. d4 cxd4 4. Nxd4 a6 5. Bd3 Qc7 6. O-O d6 7. Be3 Nf6 8. Nc3
b5 9. a3 Bb7 10. f4 Nbd7 11. Nb3 Be7 12. Kh1 e5 13. fxe5 Nxe5 14. Nd4 Neg4 15.
Bg1 g6 16. Nd5 Nxd5 17. Qxg4 Nf6 18. Qe2 O-O 19. Rae1 Nd7 20. Nf3 Bf6 21. c3
Rfe8 22. Bd4 Ne5 23. Bb1 Re7 24. Qf2 Rae8 25. Nxe5 Bxe5 26. Ba2 Bxd4 27. cxd4
Rf8 28. Qf4 Qc2 29. Bb1 Qc6 30. d5 Qd7 31. Rc1 Re5 32. Rc3 Rfe8 33. h3 Rc8 34.
Rxc8+ Bxc8 35. Rc1 Qd8 36. Qg3 Bd7 37. Kg1 b4 38. axb4 Qb6+ 39. Qf2 Qxb4 40.
Qf6 Qxb2 41. Rf1 Be8 42. Qxd6 Rg5 43. g3 a5 44. Qf4 Rh5 45. Qf2 Qe5 46. Kg2 Kg7
47. Bd3 Qc7 48. Qf6+ Kg8 49. g4 Rh6 50. d6 Qc6 51. Qe7 g5 52. Bc4 Rg6 53. Bxf7+
Bxf7 54. Qxf7+ Kh8 55. Qf8+ Rg8 56. Qf6+ Rg7 57. Qe5 Kg8 58. Qe6+ 1-0

[Event "EU-Cup 17th"]
[Site "Panormo"]
[Date "2001.09.24"]
[Round "2"]
[White "Banas, Jan"]
[Black "Carlsen, Magnus"]
[Result "1-0"]
[WhiteElo "2361"]
[BlackElo "2084"]
[PlyCount "139"]
[EventDate "2001.09.22"]
[EventType "team"]
[EventRounds "7"]
[EventCountry "GRE"]

1. c4 Nf6 2. Nc3 c5 3. Nf3 Nc6 4. d4 cxd4 5. Nxd4 g6 6. e4 Bg7 7. Be3 O-O 8.
Be2 d6 9. O-O Bd7 10. Qd2 Nxd4 11. Bxd4 Bc6 12. f3 a6 13. Rfd1 Nd7 14. Be3 Nc5
15. Rac1 a5 16. b3 Qb6 17. Nd5 Bxd5 18. exd5 Qb4 19. Bf1 Rfe8 20. Qf2 a4 21.
Bd2 Qa3 22. b4 Na6 23. b5 Nb4 24. Be1 Nxa2 25. Ra1 Bxa1 26. Rxa1 Qc5 27. Rxa2
a3 28. Bd2 Ra4 29. Be3 Qb4 30. Qc2 Rc8 31. h4 Raa8 32. Bf2 Rc7 33. Bd3 Rac8 34.
Qc1 Ra8 35. b6 Rcc8 36. Qc2 Ra4 37. Qe2 Qc3 38. Be1 Qd4+ 39. Kh2 Raa8 40. Bf2
Qf4+ 41. g3 Qf6 42. Qe4 Qc3 43. Bd4 Qb3 44. Qe2 Ra4 45. Kh3 Kf8 46. h5 Raxc4
47. Bxc4 Qxc4 48. Qxc4 Rxc4 49. Ba1 Rb4 50. Rxa3 f6 51. h6 g5 52. f4 gxf4 53.
gxf4 Rxb6 54. Kg4 Rb5 55. Ra8+ Kf7 56. f5 Rb4+ 57. Kg3 Rb1 58. Bd4 Rb3+ 59. Kg2
Rd3 60. Ra4 Rd2+ 61. Kf3 Rd3+ 62. Ke4 Rg3 63. Be3 Rg4+ 64. Bf4 Rg8 65. Rb4 Rb8
66. Rb5 Ra8 67. Rxb7 Kf8 68. Be3 Ra4+ 69. Bd4 Ra8 70. Rb3 1-0

[Event "EU-Cup 17th"]
[Site "Panormo"]
[Date "2001.09.23"]
[Round "1"]
[White "Carlsen, Magnus"]
[Black "Stojanovski, Dejan"]
[Result "1/2-1/2"]
[WhiteElo "2084"]
[BlackElo "2417"]
[PlyCount "40"]
[EventDate "2001.09.22"]
[EventType "team"]
[EventRounds "7"]
[EventCountry "GRE"]

1. c4 Nf6 2. Nc3 c5 3. g3 d5 4. cxd5 Nxd5 5. Bg2 Nc7 6. Nf3 Nc6 7. Qa4 Bd7 8.
Qe4 g6 9. Ne5 Bg7 10. Nxd7 Qxd7 11. O-O Rc8 12. d3 O-O 13. Be3 Ne6 14. Qa4 Rfd8
15. Rac1 b6 16. Rfd1 Ned4 17. Bxd4 Nxd4 18. Qxd7 Rxd7 19. e3 Nc6 20. d4 Nb4
1/2-1/2

[Event "Nordic-ch"]
[Site "Bergen"]
[Date "2001.08.12"]
[Round "9"]
[White "Carlsen, Magnus"]
[Black "Flaata, Alexander R"]
[Result "1-0"]
[WhiteElo "2084"]
[BlackElo "2097"]
[PlyCount "76"]
[EventDate "2001.08.04"]
[EventType "swiss"]
[EventRounds "9"]
[EventCountry "NOR"]

1. e4 Nc6 2. d4 e5 3. d5 Nce7 4. g3 Ng6 5. Bg2 Bc5 6. Ne2 d6 7. c4 f5 8. Nbc3
Nf6 9. b4 Bb6 10. exf5 Bxf5 11. Na4 O-O 12. O-O Bd7 13. Nxb6 axb6 14. Nc3 Qc8
15. Bg5 Bh3 16. Bxf6 Bxg2 17. Kxg2 Rxf6 18. Ne4 Rf8 19. c5 Qf5 20. Qe2 bxc5 21.
bxc5 Ra4 22. Rfe1 dxc5 23. Nxc5 Rh4 24. f3 Qh3+ 25. Kg1 Rh6 26. Ne6 Rf7 27. Ng5
Qf5 28. Nxf7 Qxf7 29. Rad1 Rh5 30. Qe4 Qd7 31. d6 cxd6 32. Qd5+ Kh8 33. Qxd6
Qf7 34. Qb8+ Nf8 35. Rd8 Kg8 36. Red1 Qxf3 37. Rxf8+ Qxf8 38. Rd8 Rf5 1-0

[Event "Nordic-ch"]
[Site "Bergen"]
[Date "2001.08.11"]
[Round "8"]
[White "Weighell, Mark"]
[Black "Carlsen, Magnus"]
[Result "1-0"]
[WhiteElo "2119"]
[BlackElo "2084"]
[PlyCount "41"]
[EventDate "2001.08.04"]
[EventType "swiss"]
[EventRounds "9"]
[EventCountry "NOR"]

1. e4 c5 2. d4 cxd4 3. c3 Nc6 4. cxd4 d5 5. exd5 Qxd5 6. Nf3 e5 7. Nc3 Bb4 8.
Bd2 Bxc3 9. Bxc3 e4 10. Nd2 Nf6 11. Bc4 Qg5 12. Qb3 O-O 13. O-O-O Bg4 14. h4
Bxd1 15. Rxd1 Qf5 16. g4 Nxg4 17. Rg1 Nxf2 18. d5 Ne5 19. Rg5 Qd7 20. Bxe5 f5
21. d6+ 1-0

[Event "Nordic-ch"]
[Site "Bergen"]
[Date "2001.08.10"]
[Round "7"]
[White "Carlsen, Magnus"]
[Black "Plachkinova, Tatjana Georgieva"]
[Result "0-1"]
[WhiteElo "2084"]
[BlackElo "2190"]
[PlyCount "98"]
[EventDate "2001.08.04"]
[EventType "swiss"]
[EventRounds "9"]
[EventCountry "NOR"]

1. d4 d5 2. c4 c6 3. Nc3 Nf6 4. Nf3 dxc4 5. a4 Bg4 6. e3 e6 7. Bxc4 Bb4 8. Qb3
a5 9. Ne5 Bh5 10. O-O Qc7 11. e4 O-O 12. Bf4 Qe7 13. Rfe1 Nbd7 14. Re3 Nxe5 15.
dxe5 Nd7 16. Rg3 Nc5 17. Qc2 Bg6 18. Qe2 Bxc3 19. bxc3 Bxe4 20. Rd1 Bg6 21. Bg5
Qc7 22. h4 Ne4 23. h5 Nxg3 24. fxg3 Bf5 25. g4 Bc2 26. Qxc2 Qxe5 27. Be7 Rfe8
28. Bd6 Qe3+ 29. Kh2 Rad8 30. Bg3 h6 31. Qb3 Qc5 32. Rf1 Rd7 33. Be2 Red8 34.
Bf3 b5 35. Bf2 bxa4 36. Qxa4 Qxc3 37. Qxc6 Qxc6 38. Bxc6 Rd1 39. Kg1 f6 40. Bb5
Kf7 41. Be3 Rxf1+ 42. Kxf1 Rb8 43. Bc6 Rb4 44. Bd2 Rc4 45. Bf3 a4 46. Be2 Rc2
47. Bb4 Rb2 48. Bd6 Rb1+ 49. Kf2 Rb3 0-1